000 00327nam a2200109Ia 4500
008 160531s9999 xx 000 0 und d
100 _aPols, Jeannette.
245 _aCare at a Distance: On the Closeness of Technology
245 _cby Jeannette Pols
260 _c2012
856 _uhttp://www.oapen.org/search?identifier=413032
999 _c295473
_d295473